Bài tập tin học đại cương Turbo Pascal

Cuốn sách hướng đến các sinh viên thuộc ngành tin học. Nội dung cuốn sách tập trung vào các bài tập vệ thuật toán, các thành phần cơ bản của pascal, các kiểu dữ liệu liệt kê, miền con và tập hợp, kiểu mảng, kiểu xâu, kiểu bản ghi, chưo...

Cur síos iomlán

Đã lưu trong:
Sonraí Bibleagrafaíochta
Príomhúdar: Tô, Văn Nam
Formáid: Leabhar
Teanga:Undetermined
Foilsithe: Hà Nội Giáo dục 2009
Ábhair:
Clibeanna: Cuir Clib Leis
Gan Chlibeanna, Bí ar an gcéad duine leis an taifead seo a chlibeáil!
Thư viện lưu trữ: Trung tâm Học liệu Trường Đại học Cần Thơ
LEADER 01132nam a2200205Ia 4500
001 CTU_150889
008 210402s9999 xx 000 0 und d
020 |c 18500 
082 |a 005.133076 
082 |b N104 
100 |a Tô, Văn Nam 
245 0 |a Bài tập tin học đại cương Turbo Pascal 
245 0 |c Tô Văn Nam 
260 |a Hà Nội 
260 |b Giáo dục 
260 |c 2009 
520 |a Cuốn sách hướng đến các sinh viên thuộc ngành tin học. Nội dung cuốn sách tập trung vào các bài tập vệ thuật toán, các thành phần cơ bản của pascal, các kiểu dữ liệu liệt kê, miền con và tập hợp, kiểu mảng, kiểu xâu, kiểu bản ghi, chương trình con, tệp, đồ hoạ và các bài tập tổng hợp. 
650 |a Pascal ( computer program language ),Turbo Pascal (Computer file),Pascal ( Ngôn ngữ chương trình máy tính),Turbo Pascal (Tệp máy tính) 
904 |i Duyên 
980 |a Trung tâm Học liệu Trường Đại học Cần Thơ